| 000 | 00617nam a22002057a 4500 | ||
|---|---|---|---|
| 942 | _cBK | ||
| 999 |
_c310 _d310 |
||
| 005 | 20250420134805.0 | ||
| 008 | 200108b ||||| |||| 00| 0 eng d | ||
| 020 | _a9780074515877 | ||
| 040 | _cKCST | ||
| 082 | _a621.3 | ||
| 100 |
_aDhogal, P S _91087 |
||
| 245 |
_aBasic electrical engineering: _bwith numerical problems / |
||
| 250 | _avol. 2 | ||
| 260 |
_aNew Delhi : _bTata McGraw-Hill, _c1998. |
||
| 300 |
_axii, 259-466 pages : _billustrations ; _c24 cm |
||
| 440 |
_aTechnical education series. _91088 |
||
| 650 |
_aElectrical engineering. _xProblems, exercises, etc. _91089 |
||
| 942 | _2ddc | ||